000 00748cam a22002533a 4500
001 19508
003 PGUSA
005 20140828083420.0
008 061010s2006||||xxu|||||s|||||000 | eng d
040 _aPGUSA
_beng
042 _adc
050 4 _aPR
100 1 _aSwift, Jonathan,
_d1667-1745
245 1 2 _aA Modest Proposal
_h[electronic resource] /
_cJonathan Swift
260 _bProject Gutenberg,
_c2006
506 _aPublic domain in the USA.
516 _aElectronic text
653 _aReligious satire, English
653 _aPolitical satire, English
653 _aIreland -- Politics and government -- 18th century -- Humor
830 0 _aProject Gutenberg
_v19508
856 4 0 _uhttp://www.gutenberg.org/ebooks/19508
942 _cEB
999 _c248763
_d248763